| 000 | 01758cam a2200445 i 4500 | ||
|---|---|---|---|
| 001 | 19618519 | ||
| 003 | OSt | ||
| 005 | 20230905104143.0 | ||
| 008 | 170502s2017 nyu b 000 0 eng | ||
| 010 | _a 2017005811 | ||
| 020 | _a9781786330895 | ||
| 020 | _a9780143130727 (hardcover) | ||
| 020 | _a0143130722 (hardcover) | ||
| 020 | _z9781524704551 (ebook) | ||
| 040 |
_dDLC _aDLC _beng _cDLC _erda _dDLC |
||
| 041 | 1 |
_aeng _hspa |
|
| 042 | _apcc | ||
| 043 | _aa-ja--- | ||
| 050 | 0 | 0 |
_aRA776.75 _b.G3713 2017 |
| 082 | 0 | 0 |
_a613 _bGAR/I |
| 100 | 1 |
_aGarcía, Héctor, _d1981- _eauthor. _99421 |
|
| 240 | 1 | 0 |
_aIkigai. _lEnglish |
| 245 | 1 | 0 |
_aIkigai : _bthe Japanese secret to a long and happy life / _cHéctor García and Francesc Miralles ; translated by Heather Cleary. |
| 264 | 1 |
_aNew York : _bPenguin Books, _c[2017] |
|
| 300 |
_a194 pages : _billustrations ; _c19 cm |
||
| 336 |
_atext _btxt _2rdacontent |
||
| 337 |
_aunmediated _bn _2rdamedia |
||
| 338 |
_avolume _bnc _2rdacarrier |
||
| 500 | _a"Originally published in Spanish as Ikigai: Los secretos de Japón para una vida larga y feliz by Ediciones Urano in 2016." | ||
| 504 | _aIncludes bibliographical references. | ||
| 650 | 0 |
_aLongevity _zJapan. |
|
| 650 | 0 | _aLongevity. | |
| 650 | 0 | _aHappiness. | |
| 650 | 0 | _aQuality of life | |
| 700 | 1 |
_aMiralles, Francesc, _d1968- _eauthor. |
|
| 776 | 0 | 8 |
_iOnline version: _aGarcía, Héctor, 1981- author. _tIkigai _dNew York : Penguin Books, [2017] _z9781524704551 _w(DLC) 2017022599 |
| 906 |
_a7 _bcbc _corignew _d1 _eecip _f20 _gy-gencatlg |
||
| 942 |
_2ddc _cBK _h613 _iGAR/I _k613 _mGAR/I |
||
| 999 |
_c42107 _d42107 |
||